00611nam a2200169Ia 450000500170000000800410001702000150005808200130007310000150008624500650010126000280016630000160019450001150021094200060032595200950033199900150042620240925013053.0240331s9999 xx 000 0 und d a041509805X bCANa792 aCanning, C 0aFeminist Theaters in the U.S.A :bstaging women's experience aLondonbRoutledgec1996 ax, 271 p ., aFeminist Theaters in the U.S.A. is a fresh, informative portrait of a key era in feminist and theater history. cL 001040708LaWERCLbWERCLcSSCd2024-03-31l0o 792 CANp5178r2024-03-31w2024-03-31yL c3073d3073